000 01097nam a22002177a 4500
999 _c10217
_d10217
005 20251125232826.0
008 s2534 th tha d
020 _a9748122409
040 _aNALT
041 _atha
050 _aDS578.32 ท622ฉ 2534
245 1 0 _aเฉลิมพระเกียรติสมเด็จพระเทพรัตนราชสุดาฯ สยามบรมราชกุมารี
260 3 _aกรุงเทพฯ :
_bราชบัณฑิตยสถาน,
_c2534
300 _a563 หน้า :
_b ภาพประกอบ, ตาราง, แผนที่ ;
_c 26 ซม.
650 0 4 _aเทพรัตนราชสุดาฯ สยามบรมราชกุมารี, สมเด็จพระ -- พระกรณียกิจ
650 0 4 _aเทพรัตนราชสุดาฯ สยามบรมราชกุมารี, สมเด็จพระ, 2498--
850 _aNALT
856 4 0 _uhttps://hdl.handle.net/20.500.14156/410524
_71
942 _cGB
_2lcc